000
00260nam a2200097Ia 4500
001
1253489
005
20251031150954.0
008
251031s9999 xx 000 0 und d
245
0
_c
SAVAŞ ÖZDEMİR
_a
V-15 ARKADAŞLARIMI SEVİYORUM
260
_b
TİMAŞ YAYINLARI
999
_c
1253489
_d
1253489